| 000 | 01112cam a2200313 i 4500 | ||
|---|---|---|---|
| 001 | bg | ||
| 003 | KOSZ 005 | ||
| 005 | 20211202140739.0 | ||
| 008 | 040804s2004 pl a f |000 0 pol | ||
| 015 | _aPB 2004/15458 | ||
| 020 | _a8371992963 | ||
| 040 |
_aWA N _cKOSZ 005/HR _dKOSZ 005/HR |
||
| 041 | 0 | _apol | |
| 080 | _a004.738.5:339.138 | ||
| 080 | _a(075.8) | ||
| 100 | 1 |
_aAdamczyk, Jan _c(ekonomia) |
|
| 245 | 1 | 0 |
_aInternet na usługach marketingu / _cJan Adamczyk, Marcin Gębarowski, Marcin Kandefer. |
| 260 |
_aRzeszów : _bOficyna Wydawnicza Politechniki Rzeszowskiej, _c2004. |
||
| 300 |
_a207 s. : _bfaks., rys., tab., wykr. ; _c24 cm. |
||
| 504 | _aBibliogr. s. 200-207. | ||
| 521 | 8 | _aPodręcznik akademicki. | |
| 655 | 4 | _aPodręczniki akademickie | |
| 650 | 4 | _aMarketing cyfrowy | |
| 700 | 1 | _aGębarowski, Marcin. | |
| 700 | 1 | _aKandefer, Marcin. | |
| 710 | 2 |
_aPolitechnika Rzeszowska. _bOficyna Wydawnicza. _4pbl. |
|
| 856 | 4 | 1 |
_uhttp://koha.tu.koszalin.pl/cgi-bin/koha/opac-detail.pl?biblionumber=44734 _yKatalog online BPK |
| 942 |
_2UKD _cKS |
||
| 999 |
_c44734 _d44734 |
||